000 00524pam a2200205 a 4500
020 _c
040 _aMedical College Libr
041 _aENG
_hENG
082 _a616.075
_bVAK
100 _aVakil , L. R. .
245 _aPhysical Diagnosis /
_c
_hTextual Documents
250 _a8th /
_b.
260 _a :
_bMedia Promoters & Pub Pvt. Ltd ,
_c1999.
300 _a632 ;
_c
365 _a330=00
653 _aMedicine
_aMedical Science
930 _a2333
999 _c2332
_d2332